| 000 | 01149cam a2200301 a 4500 | ||
|---|---|---|---|
| 001 | 000003128 | ||
| 005 | 20200929150334.0 | ||
| 008 | 840120s1982 nyua b 001 0 spa | ||
| 040 |
_aDO-SdBNP _cDLC _dDLC |
||
| 050 | 0 | 0 |
_aF1414 _b.P36 1982 |
| 082 |
_a980/.03/0202 _bP195h |
||
| 245 | 0 | 0 |
_aPanorama histórico-literario de nuestra América / _cAmérica Díaz Acosta ... [et al.]. |
| 260 |
_aLa Habana : _bCasa de las Americas ; _a[New York] : _b[Vitral], _c[1982]. |
||
| 300 |
_a2 t. : _bil. ; _c23 cm. |
||
| 490 | 1 |
_aNuestros países. _pSerie Estudios |
|
| 504 | _aIncluye referencias bibliográficas e índice. | ||
| 651 | 0 |
_aLatin America _xHistory _y20th century _xChronology. _99858 |
|
| 650 | 0 |
_aLatin american literature _y20th century _xBibliography. _99859 |
|
| 700 | 1 |
_aDíaz Acosta, América. _99860 |
|
| 700 | 1 |
_aGuerra, Sergio. _99861 |
|
| 700 | 1 |
_aHernández Novás, Raúl. _99862 |
|
| 700 | 1 |
_aPérez, Trinidad. _99863 |
|
| 700 | 1 |
_aPrieto, Alberto. _99864 |
|
| 700 | 1 |
_aRodríguez, Emilio Jorge. _99865 |
|
| 700 | 1 |
_aSimón, Pedro. _99866 |
|
| 830 | 0 |
_aNuestros países. _pSerie Estudios _99867 |
|
| 910 | _aCatalogación por copia / LC | ||
| 999 |
_c2959 _d2959 |
||